Zodpovednosť zamestnanca za škodu osobitná zodpovednosť zamestnanca za schodok na zverených predmetoch a za stratu zverených predmetov

Zodpovednosť zamestnanca za škodu spôsobenú zamestnávateľovi. Rozdiel medzi všeobecnou zodpovednosťou a osobitnými druhmi zodpovednosti. Všeobecné predpoklady zodpovednosti zamestnanca za škodu. Dohoda o hmotnej zodpovednosti. Inventarizácia - predpoklad uzatvorenia dohody o hmotnej zodpovednosti. P...

ver descrição completa

Na minha lista:
Detalhes bibliográficos
Autor principal: Jendrálová, Anna
Formato: Capítulo de Livro
Idioma:eslovaco
Assuntos:
Tags: Adicionar Tag
Sem tags, seja o primeiro a adicionar uma tag!

MARC

LEADER 00000naa a2200000 4500
001 r032848
005 20230922130955.3
041 0 |a slo 
044 |a SK 
245 1 0 |a Zodpovednosť zamestnanca za škodu  |b osobitná zodpovednosť zamestnanca za schodok na zverených predmetoch a za stratu zverených predmetov  |c Anna Jendrálová 
520 |a Zodpovednosť zamestnanca za škodu spôsobenú zamestnávateľovi. Rozdiel medzi všeobecnou zodpovednosťou a osobitnými druhmi zodpovednosti. Všeobecné predpoklady zodpovednosti zamestnanca za škodu. Dohoda o hmotnej zodpovednosti. Inventarizácia - predpoklad uzatvorenia dohody o hmotnej zodpovednosti. Písomné potvrdenie o zverení predmetu - predpoklad uplatnenia zodpovednosti za stratu zverených predmetov. 
610 2 0 |a zodpovednosť za škody 
610 2 0 |a zodpovednosť pracovníka 
610 2 0 |a zamestnanci 
610 2 0 |a zamestnávatelia 
610 2 0 |a škody 
610 2 0 |a zodpovednosť hmotná 
610 2 0 |a inventarizácia 
100 1 |a Jendrálová, Anna